000 00249nam a2200097Ia 4500
001 685052
005 20250826161510.0
008 250824s9999 xx 000 0 und d
245 0 _aSİSLİ NEHİR/V.VARESİ/EVEREST
_cVALERİO VARESİ
260 _bEVEREST
999 _c685052
_d685052